EU liability and international economic law
Gespeichert in:
| 1. Verfasser: | |
|---|---|
| Format: | Buch |
| Sprache: | Englisch |
| Veröffentlicht: |
Portland
Hart Publishing
2017
|
| Schriftenreihe: | Modern Studies in European Law
|
| Schlagworte: | |
| Tags: |
Tag hinzufügen
Keine Tags, Fügen Sie den ersten Tag hinzu!
|
MARC
| LEADER | 00000cam a2200000 a 4500 | ||
|---|---|---|---|
| 001 | UCC9343 | ||
| 003 | CL-VaPUC | ||
| 008 | 190927e20170000us |||||||||||||||||eng|d | ||
| 020 | |a 9781509901593 | ||
| 082 | 0 | 4 | |a 341.750614 |b STE |2 21 |
| 100 | 0 | |a Steinbach, Armin |e author |9 604377 | |
| 245 | 1 | 0 | |a EU liability and international economic law |
| 300 | |a 201 p | ||
| 942 | |c BK | ||
| 945 | |d 20190927 15:31:00 |a cmena | ||
| 260 | |a Portland |b Hart Publishing |c 2017 | ||
| 650 | 7 | |a PAISES DE LA UNION EUROPEA |2 CL-VaPUC |9 553442 | |
| 650 | 0 | |a Derecho internacional |9 255637 | |
| 650 | 0 | |a Derecho económico internacional |9 256191 | |
| 583 | |a last modification |c 20190927 15:31:00 |k Rodrigo Vera | ||
| 490 | 0 | |a Modern Studies in European Law | |
| 999 | |c 375529 |d 375527 | ||
| 952 | |0 0 |1 0 |3 erd |4 0 |6 341_750614000000000_STE_2017 |7 0 |8 WP_COW |9 561396 |a BIBDER |b BIBDER |e Fundación W and P Cowley |i 5600596 |o 341.750614 STE 2017 |p 5600596 |r 2023-01-25 |w 2020-03-12 |y BK |z Catalogado en:20190927 |k WPC | ||